LEADER 01404nam a2200313 a 4500 001 000000132082 003 CaOOAMICUS 005 20121211113523.0 008 121211s1973 it u000 u ita r 040 $aPUL$bita 041 1 $aita$hfre 100 1 $aGilson, Etienne,$d1884-1978.$0(OLS)http://pul/name/629 240 10$aPhilosophie au moyen âge.$lItaliano.$0(OLS)http://pul/title/87350 245 13$aLa filosofia nel Medioevo :$bdalle origini patristiche alla fine del XIV secolo /$cÉtienne Gilson ; presentazione di Mario Dal Pra. 260 $aFirenze :$bLa Nuova Italia,$c©1973. 300 $aXVII, 991 p. ;$c21 cm 490 1 $aStrumenti. Ristampe anastatiche ;$v70 504 $a"Bibliografia": p. [915]-971. 650 4$aFilosofia medievale.$0(OLS)http://pul/subject/139 700 1 $aDal Pra, Mario,$d1914-1992.$0(OLS)http://pul/name/5569 830 0$aStrumenti.$pRistampe anastatiche ;$v70.$0(OLS)http://pul/title/152072 850 $aPUL 852 $aPUL$W1$xDP1 Fondo E. Rossi$y115$m1 G 46$j42694$qFondi$B151356$CPULBib$Z2$F151356 $82 941 1 $a1 960 $aFilosofia medioevale$9139 961 $aSul dorso collocazione ms. di E. Rossi: G 24 996 $6245$aLa filosofia nel Medioevo :$bdalle origini patristiche alla fine del XIV secolo$9(OLS)http://pul/title/166882 996 $6260$aFirenze :$bLa Nuova Italia$9(OLS)http://pul/publisher/48361 LEADER 01597nam a2200337 a 4500 001 000000051752 003 CaOOAMICUS 005 20130704144457.0 008 000926s1939 it u000 u ita r 035 $a10856564 040 $aPUL(R)$bita$dMSA 100 1 $aDe Cupis, Adriano.$0(OLS)http://pul/name/13771 245 13$aLa scusabilità dell'errore nei negozi giuridici :$bcon particolare riferimento ai contratti /$cAdriano De Cupis. 260 $aPadova :$bCEDAM,$c1939. 300 $a176 p. ;$c26 cm 490 1 $aMonografie de "Il foro della Lombardia".$aStudii di diritto civile, commerciale e processuale civile ;$v17 500 $aContiene indici. 504 $aBibliografia in nota. 650 4$aDiritto civile.$0(OLS)http://pul/subject/2145 650 4$aContratti.$0(OLS)http://pul/subject/3380 830 0$aMonografie de "Il foro della Lombardia".$pStudi di diritto civile, commerciale e processuale civile ;$v17.$0(OLS)http://pul/title/28095 850 $aPUL 852 $aPUL$W1$xDP1 Fondo Ciprotti$y59$m1540 C 20$j68536$nBK-PRI$b $qFondi$B68536$CPULBib$Z2$F68536 $H $81 852 $aPUL$W1$xDP2 Diritto e Scienze Sociali 1$y65$m172 B 34$j155102$a2. copia$qStampati$B154655$CPULBib$Z2$F154655 $82 941 1 $a1 941 1 $a8 960 $aDiritto contrattuale$93380 961 $aINV: F: Ciprotti 996 $6245$aLa scusabilità dell'errore nei negozi giuridici :$bcon particolare riferimento ai contratti$9(OLS)http://pul/title/69486 996 $6260$aPadova :$bCEDAM$9(OLS)http://pul/publisher/48126